[Event "DVM U14w 2012"]
[Site "Magdeburg GER"]
[Date "2012.12.29"]
[Round "5"]
[White "Lohrmann, Tabea"]
[Black "Schwind, Clara"]
[Result "1/2-1/2"]
[Termination "normal"]
[Board "6.2"]
[WhiteElo "1461"]
[BlackElo "1375"]
[WhiteTeam "SK Freiburg Zähringen 1887"]
[BlackTeam "SK 1929 Mainaschaff"]
[WhiteFideId "12911941"]
[BlackFideId "12964581"]
[EventCountry "GER"]
[EventRounds "7"]
[EventType "team-swiss"]
[EventDate "2012.12.26"]

1. e4 c5 2. Nf3 Nc6 3. d4 cxd4 4. Nxd4 g6 5. Nc3 Bg7 6. Nb3 Nf6 7. Be3 O-O 8.
Qd2 d6 9. O-O-O Be6 10. Kb1 Re8 11. f3 a6 12. g4 Bxg4 13. fxg4 Nxg4 14. Be2
Nce5 15. Bxg4 Nxg4 16. h3 Ne5 17. Rdf1 Rc8 18. Rhg1 Nc4 19. Qe2 Nxe3 20. Qxe3
Bxc3 21. bxc3 Qc7 22. Rg3 Qc4 23. Rf2 Rc6 24. h4 Rec8 25. Rff3 Qe6 26. Qf4 h5
27. Qg5 Kh7 28. Qf4 f6 29. Nd4 1/2-1/2

[Event "DVM U14w 2012"]
[Site "Magdeburg GER"]
[Date "2012.12.29"]
[Round "5"]
[White "Damrich, Alina"]
[Black "Cejda, Cecilia"]
[Result "0-1"]
[Termination "normal"]
[Board "6.3"]
[WhiteElo "949"]
[BlackElo "1357"]
[WhiteTeam "SK 1929 Mainaschaff"]
[BlackTeam "SK Freiburg Zähringen 1887"]
[WhiteFideId "12964603"]
[BlackFideId "12921122"]
[EventCountry "GER"]
[EventRounds "7"]
[EventType "team-swiss"]
[EventDate "2012.12.26"]

1. e4 e5 2. Nf3 Nc6 3. d4 d5 4. exd5 Qxd5 5. dxe5 Qxd1+ 6. Kxd1 Bg4 7. Be2 Bxf3
8. Bxf3 O-O-O+ 9. Ke2 Nxe5 10. Re1 Nxf3 11. Kxf3 Bd6 12. Nc3 Ne7 13. Bg5 f6 14.
Bh4 Nf5 15. Bg3 Nd4+ 16. Kg4 Nxc2 17. Bxd6 Nxa1 18. Rxa1 Rxd6 19. Kf3 b6 20.
Nb5 Rd5 21. Nc3 Rd2 22. Rb1 Rhd8 23. Ne4 Rd1 24. Rxd1 Rxd1 25. Nc3 Rd2 26. Nb5
Rxb2 27. a4 Rb4 28. Nxa7+ Kb7 29. Nb5 Rxa4 30. Ke3 Ra5 31. Nd4 Rc5 32. h4 b5
33. f4 b4 34. g4 b3 0-1

[Event "DVM U14w 2012"]
[Site "Magdeburg GER"]
[Date "2012.12.29"]
[Round "5"]
[White "Atabay, Hatun"]
[Black "Gentil, Verena"]
[Result "1-0"]
[Termination "normal"]
[Board "6.4"]
[WhiteElo "1116"]
[BlackElo "1023"]
[WhiteTeam "SK Freiburg Zähringen 1887"]
[BlackTeam "SK 1929 Mainaschaff"]
[WhiteFideId "12929603"]
[BlackFideId "12964611"]
[EventCountry "GER"]
[EventRounds "7"]
[EventType "team-swiss"]
[EventDate "2012.12.26"]

1. e4 e5 2. Nf3 Nc6 3. Bc4 Bc5 4. c3 Nf6 5. d4 exd4 6. cxd4 Bb6 7. Nc3 d6 8.
O-O h6 9. Bd2 O-O 10. h3 Bd7 11. a3 Qe7 12. Re1 Nxd4 13. Nd5 Qd8 14. Nxb6 axb6
15. Nxd4 c6 16. Qf3 Re8 17. Bd3 c5 18. Nc2 Ba4 19. Qg3 Kh8 20. b3 Bxb3 21. Rac1
Rc8 22. Bc3 d5 23. Bb5 Rg8 24. e5 Ne4 25. Qf3 Nxc3 26. Qxc3 c4 27. Nd4 Rc5 28.
Qf3 Rf8 29. Qg3 Rg8 30. e6 fxe6 31. Nxe6 Qe7 32. Nxc5 Qxc5 33. Be8 Qc8 34. Bf7
Rf8 35. Bxd5 h5 36. Be4 Rf6 37. Bg6 Rf8 38. Re3 1-0

[Event "DVM U14w 2012"]
[Site "Magdeburg GER"]
[Date "2012.12.29"]
[Round "5"]
[White "Denkert, Anna"]
[Black "Mao, Yvonne"]
[Result "1-0"]
[Termination "normal"]
[Board "7.1"]
[WhiteElo "1655"]
[BlackElo "1180"]
[WhiteTeam "SV Empor Berlin"]
[BlackTeam "SK 1980 Gernsheim"]
[WhiteFideId "12938122"]
[BlackFideId "12942561"]
[EventCountry "GER"]
[EventRounds "7"]
[EventType "team-swiss"]
[EventDate "2012.12.26"]

1. e4 e5 2. Nf3 Nc6 3. Bc4 Nf6 4. d3 Be7 5. O-O O-O 6. Be3 d6 7. c3 d5 8. exd5
Nxd5 9. Qe2 Bg4 10. Nbd2 a6 11. h3 Bh5 12. Bb3 Kh8 13. d4 f5 14. dxe5 Nxe5 15.
Bd4 Nxf3+ 16. Nxf3 Nf4 17. Qe5 Nxh3+ 18. gxh3 Bf6 19. Qf4 Bxf3 20. Bxf6 Rxf6
21. Qxf3 Rg6+ 22. Kh1 Qh4 23. Rg1 Re8 24. Rxg6 hxg6 25. Bf7 Re5 26. Qg3 Qe4+
27. f3 Qe2 28. Qh4# 1-0

[Event "DVM U14w 2012"]
[Site "Magdeburg GER"]
[Date "2012.12.29"]
[Round "5"]
[White "Le, Kim Anh"]
[Black "Du, Katharina"]
[Result "0-1"]
[Termination "normal"]
[Board "7.2"]
[WhiteElo "982"]
[BlackElo "1544"]
[WhiteTeam "SK 1980 Gernsheim"]
[BlackTeam "SV Empor Berlin"]
[WhiteFideId "12947342"]
[BlackFideId "12945757"]
[EventCountry "GER"]
[EventRounds "7"]
[EventType "team-swiss"]
[EventDate "2012.12.26"]

1. e4 e5 2. Nf3 Nc6 3. Nc3 d6 4. d4 exd4 5. Nxd4 Nf6 6. Bb5 Bd7 7. Nxc6 Bxc6 8.
Bxc6+ bxc6 9. O-O Be7 10. Qf3 Nd7 11. Bf4 Bf6 12. Rfe1 O-O 13. Rad1 Ne5 14. Qe2
Qb8 15. Bc1 Qb6 16. Kh1 h6 17. f4 Ng6 18. f5 Ne5 19. Rf1 Rfe8 20. b3 Qb4 21.
Na4 Nd7 22. Qd3 Qxe4 23. Qxe4 Rxe4 24. Nb2 Rae8 25. Nd3 Bc3 26. Bd2 Bxd2 27.
Rxd2 Re2 28. Rxe2 Rxe2 29. Rf2 Re8 30. Kg1 Nf6 31. Nb4 c5 32. Na6 c6 33. Rd2
Ne4 34. Re2 Kf8 35. Re3 d5 36. g3 Re7 37. a3 Rb7 38. b4 Rb6 39. Nxc5 Nxc5 40.
bxc5 Rb5 41. Rc3 Ke7 42. Rb3 Rxb3 43. cxb3 Kf6 44. g4 Ke5 45. Kf2 Kd4 46. Kf3
Kxc5 47. h4 Kd6 48. Kf4 f6 49. g5 h5 50. gxf6 gxf6 51. b4 c5 52. bxc5+ Kxc5 53.
Ke3 Kc4 54. a4 a5 55. Kf3 Kd3 56. Kf4 d4 57. Kf3 Kd2 58. Ke4 d3 59. Kd5 Ke2 60.
Ke6 d2 61. Kxf6 d1=Q 0-1

[Event "DVM U14w 2012"]
[Site "Magdeburg GER"]
[Date "2012.12.29"]
[Round "5"]
[White "Berdin, Victoria"]
[Black "Nguyen, Julia"]
[Result "1-0"]
[Termination "normal"]
[Board "7.3"]
[WhiteElo "1382"]
[BlackElo "1012"]
[WhiteTeam "SV Empor Berlin"]
[BlackTeam "SK 1980 Gernsheim"]
[BlackFideId "12964689"]
[EventCountry "GER"]
[EventRounds "7"]
[EventType "team-swiss"]
[EventDate "2012.12.26"]

1. e4 e5 2. Nf3 Nc6 3. Bc4 Nf6 4. d3 Bc5 5. Bg5 d6 6. c3 Bg4 7. Nbd2 Qd7 8. h3
Bh5 9. g4 Bg6 10. b4 Bb6 11. Bb5 O-O-O 12. Qa4 d5 13. Nxe5 Qe6 14. Nxc6 bxc6
15. Bxc6 Rd6 16. b5 h6 17. Bf4 Rdd8 18. Qa6+ Kb8 19. Qb7# 1-0

[Event "DVM U14w 2012"]
[Site "Magdeburg GER"]
[Date "2012.12.29"]
[Round "5"]
[White "Le, Mai Linh Lisa"]
[Black "Alcer, Johanna"]
[Result "0-1"]
[Termination "normal"]
[Board "7.4"]
[WhiteElo "871"]
[BlackElo "923"]
[WhiteTeam "SK 1980 Gernsheim"]
[BlackTeam "SV Empor Berlin"]
[WhiteFideId "12964697"]
[BlackFideId "12964450"]
[EventCountry "GER"]
[EventRounds "7"]
[EventType "team-swiss"]
[EventDate "2012.12.26"]

1. e4 e5 2. Nf3 Nc6 3. Nc3 Bc5 4. Nxe5 Nxe5 5. d4 Bd6 6. dxe5 Bxe5 7. Bd3 Nf6
8. Be3 O-O 9. f4 Bxc3+ 10. bxc3 d6 11. O-O Re8 12. Qf3 Bg4 13. Qg3 Bh5 14. Qh3
Bg4 15. Qh4 Qd7 16. f5 d5 17. Rf4 dxe4 18. Bxe4 Rxe4 19. Rxe4 Nxe4 20. Qxg4 Re8
21. Rd1 Nf6 22. Rxd7 Nxg4 23. Bxa7 Re1# 0-1

[Event "DVM U14w 2012"]
[Site "Magdeburg GER"]
[Date "2012.12.29"]
[Round "5"]
[White "Nguyen, Ha Thanh"]
[Black "Winterberg, Johanna"]
[Result "1-0"]
[Termination "normal"]
[Board "8.1"]
[WhiteElo "1299"]
[BlackElo "1327"]
[WhiteTeam "SV Empor Erfurt"]
[BlackTeam "SV Breitenworbis"]
[WhiteFideId "12942154"]
[BlackFideId "12929344"]
[EventCountry "GER"]
[EventRounds "7"]
[EventType "team-swiss"]
[EventDate "2012.12.26"]

1. e4 c5 2. Nf3 Nc6 3. d4 cxd4 4. Nxd4 Nf6 5. Nc3 g6 6. Be3 Bg7 7. Be2 O-O 8.
Qd2 d5 9. Nxc6 bxc6 10. O-O-O Bb7 11. exd5 cxd5 12. Bf3 e6 13. Bh6 Rb8 14. Bxg7
Kxg7 15. Qd4 Qb6 16. Qxb6 axb6 17. Nb5 Rfd8 18. Rhe1 Bc6 19. Nd4 Bd7 20. h3
Rdc8 21. b3 b5 22. Kb2 b4 23. g3 Re8 24. Bg2 e5 25. Nf3 d4 26. Nxe5 Rb5 27.
Nxd7 Rxe1 28. Rxe1 Nxd7 29. Bc6 Re5 30. Rd1 Nb8 31. Bg2 Re2 32. Rxd4 Rxf2 33.
Bb7 Rh2 34. Rd8 Rxh3 35. Rxb8 Rxg3 36. Bd5 Rg4 37. Bc4 h5 38. Rxb4 h4 39. Kc3
h3 40. Bd5 f5 41. a4 Rg3+ 42. Kb2 h2 43. Rh4 f4 44. Rxh2 g5 45. Rg2 Rxg2 46.
Bxg2 g4 47. Kc3 Kf6 48. Kd3 Ke5 49. Ke2 Kd4 50. a5 f3+ 51. Bxf3 gxf3+ 52. Kxf3
Kc5 53. b4+ Kb5 54. c4+ Ka6 55. Ke4 Kb7 56. b5 Ka7 57. c5 Kb7 58. c6+ Kb8 59.
b6 Ka8 60. b7+ Ka7 61. Kd5 Kb8 62. Kd6 Ka7 63. Kc7 Ka6 64. b8=Q 1-0

[Event "DVM U14w 2012"]
[Site "Magdeburg GER"]
[Date "2012.12.29"]
[Round "5"]
[White "Richardt, Angelina"]
[Black "Allin, Katharina"]
[Result "1-0"]
[Termination "normal"]
[Board "8.2"]
[WhiteElo "1244"]
[BlackElo "1286"]
[WhiteTeam "SV Breitenworbis"]
[BlackTeam "SV Empor Erfurt"]
[WhiteFideId "12938149"]
[BlackFideId "12903779"]
[EventCountry "GER"]
[EventRounds "7"]
[EventType "team-swiss"]
[EventDate "2012.12.26"]

1. e4 e5 2. Nf3 Nc6 3. Bc4 Bc5 4. c3 Nf6 5. d4 exd4 6. e5 Ng4 7. cxd4 Bb4+ 8.
Nc3 d5 9. Bb5 Bd7 10. Bxc6 Bxc6 11. O-O O-O 12. h3 Nh6 13. Bxh6 gxh6 14. Qc1
Qd7 15. Qxh6 Qe6 16. Qxe6 fxe6 17. Ng5 Bd7 18. Rac1 Rac8 19. a3 Be7 20. Nf3 Rf5
21. Ne2 Bb5 22. Rfe1 Bd3 23. Ng3 Rf4 24. Rc3 Be4 25. Nxe4 dxe4 26. Nd2 Bg5 27.
Nxe4 Bh6 28. Nd6 Rcf8 29. Rxc7 Rxd4 30. Rxb7 Rd2 31. f3 Rd3 32. Nc4 Bf4 33. Kf2
Rf5 34. Rxa7 1-0

[Event "DVM U14w 2012"]
[Site "Magdeburg GER"]
[Date "2012.12.29"]
[Round "5"]
[White "Rieger, Lotta"]
[Black "Hendus, Isabelle"]
[Result "1/2-1/2"]
[Termination "normal"]
[Board "8.3"]
[WhiteElo "1062"]
[BlackElo "1290"]
[WhiteTeam "SV Empor Erfurt"]
[BlackTeam "SV Breitenworbis"]
[WhiteFideId "12964620"]
[BlackFideId "12964530"]
[EventCountry "GER"]
[EventRounds "7"]
[EventType "team-swiss"]
[EventDate "2012.12.26"]

1. e4 e5 2. Nf3 d6 3. Nc3 Nf6 4. Bc4 Be7 5. d3 c6 6. Be3 b5 7. Bb3 O-O 8. d4
exd4 9. Nxd4 b4 10. Nce2 Nxe4 11. Ng3 Nc5 12. Ndf5 Nxb3 13. axb3 Bxf5 14. Nxf5
d5 15. Qg4 Bf6 16. Bh6 Re8+ 17. Kf1 g6 18. h4 Re4 19. Qg3 Qd7 20. Ne3 d4 21.
Nc4 Qg4 22. Qc7 Qd7 23. Qg3 Qe7 24. f4 Nd7 25. h5 Qe6 26. hxg6 fxg6 27. Kg1 Re2
28. Rc1 Re8 29. f5 Qe7 30. fxg6 Be5 1/2-1/2

[Event "DVM U14w 2012"]
[Site "Magdeburg GER"]
[Date "2012.12.29"]
[Round "5"]
[White "Diederich, Lena"]
[Black "Schulz, Theresa Charlotte"]
[Result "1/2-1/2"]
[Termination "normal"]
[Board "8.4"]
[WhiteElo "1219"]
[BlackElo "964"]
[WhiteTeam "SV Breitenworbis"]
[BlackTeam "SV Empor Erfurt"]
[WhiteFideId "12964549"]
[BlackFideId "12952206"]
[EventCountry "GER"]
[EventRounds "7"]
[EventType "team-swiss"]
[EventDate "2012.12.26"]

1. e4 e5 2. Nf3 Nc6 3. Bc4 Bc5 4. c3 Nf6 5. d3 d6 6. O-O Be6 7. Bxe6 fxe6 8. b4
Bb6 9. Nbd2 a6 10. h3 Qe7 11. Nb3 O-O-O 12. a4 Qf7 13. Ng5 Qe8 14. b5 Na5 15.
Nxa5 Bxa5 16. Qb3 d5 17. bxa6 b6 18. Ra2 h6 19. Nf3 dxe4 20. Nxe5 exd3 21. Nc4
Rd5 22. Nxa5 Rxa5 23. Qc4 Qd7 24. Be3 Qd5 1/2-1/2

[Event "DVM U14w 2012"]
[Site "Magdeburg GER"]
[Date "2012.12.29"]
[Round "5"]
[White "G., Diana"]
[Black "Schumann, Rabea"]
[Result "1-0"]
[Termination "normal"]
[Board "9.1"]
[WhiteElo "1151"]
[BlackElo "1383"]
[WhiteTeam "Hamburger SK von 1830"]
[BlackTeam "SG Güstrow/Teterow"]
[WhiteFideId "12964700"]
[BlackFideId "12918199"]
[EventCountry "GER"]
[EventRounds "7"]
[EventType "team-swiss"]
[EventDate "2012.12.26"]

1. e4 c5 2. Nf3 Nc6 3. d4 cxd4 4. Nxd4 g6 5. Nc3 Bg7 6. Be3 d6 7. Qd2 Nf6 8. f3
O-O 9. Bh6 Bd7 10. g4 a6 11. h4 Qb6 12. Nb3 Ne5 13. Be2 Be6 14. Bxg7 Kxg7 15.
h5 Rh8 16. hxg6 hxg6 17. O-O-O Bc4 18. g5 Nh5 19. f4 Bxe2 20. Nxe2 Nc4 21. Qc3+
f6 22. Qxc4 Qe3+ 23. Kb1 Nxf4 24. Nxf4 Qxf4 25. Nd4 d5 26. Ne6+ Kf7 27. Nxf4
dxc4 28. gxf6 Kxf6 29. Nd5+ Ke5 30. Nxe7 Kxe4 31. Rhe1+ Kf3 32. Nxg6 Rhe8 33.
a3 b5 34. Rxe8 Rxe8 35. Rd6 a5 36. Rd5 Rb8 37. b3 cxb3 38. Rd3+ Ke4 39. Rxb3
Kd4 40. Kb2 b4 41. axb4 axb4 42. Ka2 Ra8+ 43. Kb2 Rb8 44. Ne7 Kc5 45. Rd3 Rb7
46. Nd5 Kc4 47. Ne3+ Kc5 48. Kb3 Re7 49. Nd5 Rb7 50. Nf6 Kb5 51. Rd5+ Ka6 52.
Rd7 Rb5 53. Rd6+ Ka5 54. Rd5 Ka6 55. Rxb5 Kxb5 56. Nd5 Kc5 57. Nxb4 Kb5 58. Kc3
Kc5 59. Nd3+ Kd5 60. Kb4 1-0

[Event "DVM U14w 2012"]
[Site "Magdeburg GER"]
[Date "2012.12.29"]
[Round "5"]
[White "Zoll, Cindy"]
[Black "Michna, Masza"]
[Result "1/2-1/2"]
[Termination "normal"]
[Board "9.2"]
[WhiteElo "1058"]
[BlackElo "1056"]
[WhiteTeam "SG Güstrow/Teterow"]
[BlackTeam "Hamburger SK von 1830"]
[WhiteFideId "12964638"]
[BlackFideId "12921998"]
[EventCountry "GER"]
[EventRounds "7"]
[EventType "team-swiss"]
[EventDate "2012.12.26"]

1. e4 d6 2. d4 Nf6 3. Nc3 e5 4. dxe5 dxe5 5. Qxd8+ Kxd8 6. Nf3 Bd6 7. Bc4 Ke8
8. Ng5 Rf8 9. Be3 a6 10. f3 Bd7 11. Nd5 Nxd5 12. Bxd5 c6 13. Bb3 h6 14. O-O-O
Bc7 15. Nh3 f6 16. Nf2 b6 17. g3 c5 18. Rd2 Ke7 19. Rhd1 Rd8 20. Bd5 Bc6 21.
Bxc6 Nxc6 22. f4 Rxd2 23. Rxd2 Rd8 24. Rxd8 Kxd8 25. f5 Kd7 26. Kd2 Na5 27. Kd3
Kc6 28. Bd2 b5 29. Bxa5 Bxa5 30. b3 Bb6 31. c4 b4 32. Nd1 a5 33. Ne3 Bc7 34.
Nc2 Kb6 35. a3 Bd8 36. a4 Bc7 37. Ne3 1/2-1/2

[Event "DVM U14w 2012"]
[Site "Magdeburg GER"]
[Date "2012.12.29"]
[Round "5"]
[White "Reich, Kristina"]
[Black "Jörs, Pia-Milena"]
[Result "0-1"]
[Termination "normal"]
[Board "9.3"]
[WhiteElo "955"]
[BlackElo "1132"]
[WhiteTeam "Hamburger SK von 1830"]
[BlackTeam "SG Güstrow/Teterow"]
[WhiteFideId "12964719"]
[BlackFideId "12964646"]
[EventCountry "GER"]
[EventRounds "7"]
[EventType "team-swiss"]
[EventDate "2012.12.26"]

1. e4 e5 2. Nf3 Nc6 3. Nc3 Nf6 4. Bc4 Nxe4 5. Nxe4 d5 6. Bb5 dxe4 7. Nxe5 Bd7
8. Nxd7 Qxd7 9. O-O O-O-O 10. Qh5 g6 11. Qe2 f5 12. d3 exd3 13. Qxd3 Qxd3 14.
Bxd3 Nb4 15. Rd1 Nxd3 16. Rxd3 Rxd3 17. cxd3 Bc5 18. Be3 Bxe3 19. fxe3 Rf8 20.
Rf1 Kd7 21. g3 Kd6 22. d4 Kd5 23. Rc1 c6 24. Kg2 Ke4 25. Rc3 Rf6 26. h4 h5 27.
Kf2 b5 28. b4 a6 29. a3 Kd5 30. Kf3 Rf7 31. Kf4 Ra7 32. Kg5 Ke4 33. Rxc6 Kxe3
34. Rxg6 Kxd4 35. Rc6 Ke4 36. Kxh5 a5 37. Kg5 axb4 38. axb4 Ra4 39. h5 Rxb4 40.
h6 Rb1 41. h7 Rh1 42. Kg6 b4 43. Rb6 Kf3 44. Rb8 Kxg3 45. h8=Q Rxh8 46. Rxh8 f4
47. Rd8 f3 48. Rd3 Kg2 49. Rb3 f2 50. Rxb4 f1=Q 51. Rg4+ Kh3 52. Rb4 Qa6+ 53.
Kf7 Qa2+ 54. Kg6 Kg3 55. Kf5 Qa5+ 56. Ke6 Qxb4 57. Kd5 Kf3 58. Ke6 Qc5 59. Kf6
Ke4 60. Ke6 Qc6+ 61. Ke7 Ke5 62. Kf7 Qe6+ 63. Kf8 Qd7 64. Kg8 Kf6 65. Kh8 Qg7#
0-1

[Event "DVM U14w 2012"]
[Site "Magdeburg GER"]
[Date "2012.12.29"]
[Round "5"]
[White "Eulitz, Charlotte"]
[Black "Rudenko, Katharina"]
[Result "1-0"]
[Termination "normal"]
[Board "9.4"]
[WhiteElo "958"]
[BlackElo "867"]
[WhiteTeam "SG Güstrow/Teterow"]
[BlackTeam "Hamburger SK von 1830"]
[WhiteFideId "12964654"]
[EventCountry "GER"]
[EventRounds "7"]
[EventType "team-swiss"]
[EventDate "2012.12.26"]

1. e4 c5 2. Nf3 Nc6 3. d4 cxd4 4. Nxd4 Nf6 5. Nc3 g6 6. Be3 Bg7 7. f3 e6 8. Qd2
O-O 9. O-O-O a6 10. g4 d5 11. exd5 Nxd5 12. Nxc6 Bxc3 13. Nxd8 Bxd2+ 14. Bxd2
Rxd8 15. h4 f6 16. h5 g5 17. Bc4 b5 18. Bd3 Nf4 19. Bxf4 gxf4 20. Be4 Rxd1+ 21.
Rxd1 Rb8 22. Rd8+ Kg7 23. Re8 Kh6 24. Rh8 Kg5 25. Rxh7 f5 26. gxf5 exf5 27. Bd5
Rb6 28. Rh8 Be6 29. Bxe6 Rxe6 30. Rf8 Re3 31. h6 Kxh6 32. Rxf5 Kg6 33. Rxf4 Re2
34. c4 b4 35. c5 a5 36. c6 Re5 37. c7 Rc5+ 38. Kb1 Rxc7 39. Rg4+ Kf5 40. Rd4
Re7 41. Rd5+ Re5 42. Rxe5+ Kxe5 43. Kc2 a4 44. b3 a3 45. Kd3 Kd5 46. f4 Kc5 47.
f5 Kd5 48. f6 Ke6 49. Kc4 Kxf6 50. Kxb4 Ke6 51. Kxa3 Kd6 52. Kb2 Kc5 53. a4 Kb4
54. Kc2 Ka5 55. Kb2 Kb4 56. Ka2 Kc5 57. Ka3 Kb6 58. b4 Ka6 59. b5+ Ka5 60. Kb3
Kb6 61. Kb4 Ka7 62. a5 Kb7 63. a6+ Kb6 64. Ka4 Ka7 65. Ka5 Kb8 66. Kb4 Kc7 67.
Kc5 Kb8 68. Kc6 Ka8 69. b6 Kb8 70. a7+ Ka8 71. b7+ Kxa7 72. Kc7 Ka6 73. b8=Q
Ka5 74. Kc6 Ka4 75. Kc5 Ka3 76. Kc4 Ka2 77. Kc3 Ka1 78. Qb2# 1-0

[Event "DVM U14w 2012"]
[Site "Magdeburg GER"]
[Date "2012.12.29"]
[Round "5"]
[White "Kolchugina, Lada"]
[Black "Semenova, Alisa"]
[Result "0-1"]
[Termination "normal"]
[Board "10.1"]
[WhiteElo "1162"]
[BlackElo "1579"]
[WhiteTeam "SK Langen"]
[BlackTeam "SK Neumarkt"]
[WhiteFideId "12929743"]
[BlackFideId "1272132"]
[EventCountry "GER"]
[EventRounds "7"]
[EventType "team-swiss"]
[EventDate "2012.12.26"]

1. e4 d6 2. Nc3 Nf6 3. Nf3 g6 4. d4 Bg7 5. Bd3 c6 6. Bd2 Nbd7 7. Qc1 O-O 8. Bh6
Re8 9. Bxg7 Kxg7 10. O-O e5 11. Re1 exd4 12. Nxd4 Qb6 13. Nf3 Nc5 14. h3 Qc7
15. b4 Ne6 16. e5 dxe5 17. Nxe5 Nd4 18. Qe3 Nf5 19. Bxf5 Bxf5 20. Rac1 Nd7 21.
g4 Rxe5 22. Qd4 Be6 23. f4 Qb6 24. Qxb6 Rxe1+ 25. Rxe1 Nxb6 26. a3 Rd8 27. Ne4
Nc4 28. Nc5 Bc8 29. Re4 Nxa3 30. c3 Nb1 31. Re3 Rd1+ 32. Kf2 b6 0-1

[Event "DVM U14w 2012"]
[Site "Magdeburg GER"]
[Date "2012.12.29"]
[Round "5"]
[White "Schilay, Eva"]
[Black "Flach, Helene"]
[Result "1/2-1/2"]
[Termination "normal"]
[Board "10.2"]
[WhiteElo "1124"]
[BlackElo "1096"]
[WhiteTeam "SK Neumarkt"]
[BlackTeam "SK Langen"]
[WhiteFideId "12930164"]
[BlackFideId "12929735"]
[EventCountry "GER"]
[EventRounds "7"]
[EventType "team-swiss"]
[EventDate "2012.12.26"]

1. e4 e5 2. Bc4 Nf6 3. Nc3 Bc5 4. d3 Nc6 5. Bg5 h6 6. Be3 Bb6 7. Nge2 d6 8. Qd2
Be6 9. Bb3 Qd7 10. f4 exf4 11. Nxf4 Ng4 12. Bxb6 axb6 13. Nxe6 fxe6 14. h3 Nf6
15. O-O-O Nd4 16. Ba4 b5 17. Qe3 e5 18. Bb3 Nxb3+ 19. cxb3 Qc6 20. Kb1 Qa6 21.
b4 O-O-O 22. d4 Qb6 23. Rhe1 Rhe8 24. dxe5 Qxe3 25. Rxe3 Rxe5 26. Rdd3 Rde8 27.
Rd4 d5 28. Nxb5 Rxe4 29. Rexe4 Rxe4 30. Rxe4 Nxe4 31. Kc2 Kd7 32. Kd3 c6 33.
Nc3 Nd6 34. a4 Kc7 35. Kd4 Kb6 36. g4 Nf7 37. Ne2 Ng5 38. Nf4 Kc7 39. b5 Kb6
40. bxc6 bxc6 41. b4 1/2-1/2

[Event "DVM U14w 2012"]
[Site "Magdeburg GER"]
[Date "2012.12.29"]
[Round "5"]
[White "Lehnert, Anna-Victoria"]
[Black "Schilay, Maria"]
[Result "1-0"]
[Termination "normal"]
[Board "10.3"]
[WhiteElo "791"]
[BlackElo "1115"]
[WhiteTeam "SK Langen"]
[BlackTeam "SK Neumarkt"]
[WhiteFideId "12957062"]
[BlackFideId "12942979"]
[EventCountry "GER"]
[EventRounds "7"]
[EventType "team-swiss"]
[EventDate "2012.12.26"]

1. e4 e5 2. Nf3 Nc6 3. Nc3 Nf6 4. Bb5 Bc5 5. d3 O-O 6. O-O d6 7. Re1 Ng4 8. Be3
Bb6 9. h3 Nf6 10. Bxb6 cxb6 11. d4 Qe7 12. d5 a6 13. Bxc6 bxc6 14. dxc6 Qc7 15.
Nd5 Nxd5 16. exd5 Bf5 17. Re2 Qe7 18. Re3 Rac8 19. Qe2 e4 20. Nd4 Qg5 21. Re1
Rce8 22. f3 h6 23. g4 h5 24. Nxf5 hxg4 25. hxg4 Rd8 26. Rxe4 Kh7 27. Re7 Qg6
28. Nh4 Qf6 29. Nf5 g6 30. Ng3 Qg7 31. Re8 Qd4+ 32. Kg2 Qxd5 33. Rxf8 Rxf8 34.
Qe7 Qd2+ 35. Re2 Qh6 36. c7 Qg7 37. Qe8 Rxe8 38. Rxe8 Qxb2 39. c8=Q Qg7 40. g5
d5 41. Qh3+ Qh6 42. Qxh6# 1-0

[Event "DVM U14w 2012"]
[Site "Magdeburg GER"]
[Date "2012.12.29"]
[Round "5"]
[White "Held, Fabienne"]
[Black "Hietala, Netta"]
[Result "1-0"]
[Termination "normal"]
[Board "10.4"]
[WhiteElo "766"]
[BlackElo "766"]
[WhiteTeam "SK Neumarkt"]
[BlackTeam "SK Langen"]
[WhiteFideId "12964670"]
[BlackFideId "12964743"]
[EventCountry "GER"]
[EventRounds "7"]
[EventType "team-swiss"]
[EventDate "2012.12.26"]

1. e4 e5 2. Nf3 Nc6 3. Nc3 Bb4 4. Bb5 Nf6 5. d3 d6 6. Bg5 a6 7. Bc4 h6 8. Be3
Ng4 9. O-O Nxe3 10. fxe3 O-O 11. Qe1 Be6 12. Bb3 Na5 13. Nh4 Qg5 14. Rf3 Bg4
15. Rf1 Bc5 16. Nd5 c6 17. d4 Bb6 18. Nxb6 Nxb3 19. axb3 Rab8 20. Nf3 Rbe8 21.
Nxg5 hxg5 22. Qg3 Be2 23. Rfe1 Bb5 24. Qxg5 f6 25. Qh5 c5 26. dxc5 dxc5 27.
Rad1 Re7 28. Nd5 Rd7 29. Qg4 Re8 30. Nxf6+ 1-0